000 00582cab a2200205 4500
001 X3619
008 090401t1996 xxu||||| |||| 00| 0 eng d
035 _a(Sirsi) u31558
041 _aeng
245 _aRevised Rydes Scale out 1 July 1996
260 _c1996
350 _a0
490 _aCSM (Chartered Surveyor Monthly)
_v5(9) June 1996, 5(1)
650 _aCOMPENSATION
650 _aFEE SCALES
650 _aRYDE'S SCALE
690 _aENVIRONMENTAL AND LAND CONSULTANCY-PLANNING AND DEVELOPMENT-COMPULSORY PURCHASE AND COMPENSATION
942 _n0
948 _c04/03/1997
999 _c21187
_d21187